Największe miasta w Szwajcarii • A-Z - Statystyki

Ogólne statystyki
  • Ten quiz został rozwiązany 185 razy
  • Średni wynik to 4 z 23
Statystyki odpowiedzi
# Populacja Miasto % Poprawnych
Z 409.120 Zurych
96%
G 200.485 Genewa
85%
B 171.433 Bazylea
70%
L 138.861 Lozanna
53%
S 75.508 Sankt Gallen
25%
W 110.871 Winterthur
21%
A 21.268 Aarau
15%
C 35.031 Chur
15%
N 33.565 Neuchâtel
14%
T 43.738 Thun
13%
F 38.513 Fryburg
11%
M 26.572 Montreux
4%
Y 30.140 Yverdon-les-Bains
3%
U 34.506 Uster
2%
D 28.137 Dübendorf
1%
E 30.680 Emmen
1%
H 20.321 Horgen
1%
I 16.969 Illnau-Effretikon
1%
K 41.490 Köniz
1%
O 19.973 Opfikon
1%
P 18.159 Pully
1%
R 26.980 Rapperswil-Jona
1%
V 35.115 Vernier
1%
Nie znaleziono quizów pasujących do podanych kryteriów
Rozkład punktacji
Procent ludzi z każdym wynikiem
Percentyl według liczby udzielonych odpowiedzi
Twoja historia wyników
Nie rozwiązałeś tego quizu